000 01103ntm a2200265 a 4500
001 75769
003 BD-RjUL
005 20211209082737.0
008 190701s2017 bg a|||| bm|| 00| 0 eng d
035 _a(BD-RjUL)75988
040 _aBD-RjUL
_beng
_cBD-RjUL
_dBD-RjUL
041 _aeng
082 _223
_a669.0283
_bZAS 2017
100 1 _aZakaria, Md. Golam
_9232143
245 1 0 _aA Study on the Electrochemical Dissolution of Ilmenite, Zircon and Lead Sulphate /
_cby Md. Golam Zakaria ;
_6Principal Supervisor: Ranjit Kumar Biswas ; Co-Supervisor: M. Rostom Ali
260 _aRajshahi :
_bDepartment of Applied Chemistry and Chemical Engineering, University of Rajshahi,
_c2017
300 _axix, 176 leaves :
_bIll. ;
_c29 cm.
502 _aThesis (Ph. D.) -- Department of Applied Chemistry and Chemical Engineering, University of Rajshahi,, 2017
504 _aReferences: Leaves 156-175
650 _aHydrometallurgy
_9203138
650 _aOres
_9232144
700 _aBiswas, Ranjit Kumar, Principal Supervisor
_9232145
700 _aAli, M. Rostom, Co-Supervisor
_9232146
942 _2ddc
_cTHE
999 _c75769
_d75769